00948nam a2200217 a 450000100100000000500170001000800410002702000150006804000250008310000680010824502140017626000270039030000280041749000330044550400730047850400320055170000250058370000340060871000550064283000330069700004120520240305091016.0130925s2005 sp 000 0 spa d a8400083237 aDO-SdBNPbspacBNPHU1 a Martínez Rodríguez, Ma. del Carmen,q (María del Carmen)14aLos clones de Albariño (Vitis vinifera L.) seleccionados en el Consejo Superior de Investigaciones Científicas /cMaría del Carmen Martínez Rodríguez, Susana Boso Alonso, José Luis Santiago Blanco. aMadrid :bCSIC,c2005. a143 p. :bil. ;c24 cm.1 aBiblioteca de ciencias ;v19 aIncluye referencias bibliográficas y notas al pie de las páginas aBibliografía : p. 123-1261 aBoso Alonso, Susana,1 aSantiago Blanco, José Luis,2 aConsejo Superior de Investigaciones Científicas,10aBiblioteca de ciencias ;v19